000 00760cam a2200253 a 4500
001 2332748
003 GBCCL
005 20241126110413.0
008 820804s1983 tnu b 001 0 eng
010 _a 82013921
020 _a0687167655 (pbk.)
040 _aDLC
_cDLC
_dDLC
050 0 0 _aBT77
_b.C235 1983
082 0 0 _a230
_219
_bCAR
100 1 _aCarmody, John,
_d1939-
_94014
245 1 4 _aThe heart of the Christian matter :
_ban ecumenical approach /
_cJohn Carmody.
260 _aNashville :
_bAbingdon,
_cc1983.
300 _a303 p. ;
_c20 cm.
500 _aIncludes index.
504 _aBibliography: p. 293-296.
650 0 _aTheology, Doctrinal
_xPopular works.
_9315
906 _a7
_bcbc
_corignew
_d1
_eocip
_f19
_gy-gencatlg
942 _2ddc
_cBK
_01
999 _c1937
_d1937